| 000 | 00693nam a2200229 a 4500 | ||
|---|---|---|---|
| 005 | 20220606094008.0 | ||
| 008 | 170503s2011 mx r 000 0 spa d | ||
| 020 | _a9786074558906 | ||
| 035 | _aUPN01000217471 | ||
| 049 | _aCG | ||
| 050 | 4 |
_aND259 P2.8 _bP3.2 |
|
| 100 | 1 |
_aPani, Sandra, _d1964- _940542 |
|
| 245 | 1 | 3 |
_aEl bisturí óptico / _cSandra Pani ; [prol.] Salvador Elizondo. |
| 260 |
_aMéxico : _bCONACULTA, _c2011. |
||
| 300 |
_a63 p. : _bil. col. |
||
| 440 | 0 | _aCírculo del arte | |
| 600 | 1 | 4 |
_aPANI, SANDRA, _d1964- - _xEXPOSICIONES _925937 |
| 650 | 2 |
_aPintores mexicanos _918893 |
|
| 700 | 1 |
_aElizondo, Salvador, _d1932-2006 _eprol. |
|
| 905 | _aLibro | ||
| 999 |
_c189571 _d189571 |
||